Statistiques concernant Championnat du monde de handball : Classement général

Cliquez ici pour prendre le quiz!

Statistiques générales

  • Ce quiz a été pris 296 fois
  • Le résultat moyen est 14 sur 17

Statistiques - réponses

ClassementPaysVainqueurFinalisteTroisième% Correct
1erFrance613
100%
2eSuède434
98%
6eEspagne2-1
97%
10eDanemark-31
96%
13eNorvège-1-
96%
5eAllemagne322
95%
11eAllemagne de l'Est-22
95%
4eRussie33-
93%
7eCroatie131
88%
9eSerbie114
83%
3eRoumanie4-2
75%
12ePologne-13
72%
13eHongrie-1-
71%
13eQatar-1-
68%
17eSlovénie--1
61%
13eAutriche-1-
58%
8eRépublique tchèque122
45%

Distribution des résultats

Percentile par nombre de réponses

% des personnes avec chaque résultat

Votre développement - résultats

Vous n’avez pas pris ce quiz